MARC details
| 000 -LEADER |
| fixed length control field |
03776cam a2200469 i 4500 |
| 001 - CONTROL NUMBER |
| control field |
20648604 |
| 003 - CONTROL NUMBER IDENTIFIER |
| control field |
OSt |
| 005 - DATE AND TIME OF LATEST TRANSACTION |
| control field |
20200122101008.0 |
| 008 - FIXED-LENGTH DATA ELEMENTS--GENERAL INFORMATION |
| fixed length control field |
180828s2019 enk b 001 0 eng d |
| 010 ## - LIBRARY OF CONGRESS CONTROL NUMBER |
| LC control number |
2018956527 |
| 015 ## - NATIONAL BIBLIOGRAPHY NUMBER |
| National bibliography number |
GBB918966 |
| Source |
bnb |
| 016 7# - NATIONAL BIBLIOGRAPHIC AGENCY CONTROL NUMBER |
| Record control number |
019226694 |
| Source |
Uk |
| 020 ## - INTERNATIONAL STANDARD BOOK NUMBER |
| International Standard Book Number |
9780198829997 |
| Qualifying information |
(hardback) |
| 035 ## - SYSTEM CONTROL NUMBER |
| System control number |
(OCoLC)on1054373785 |
| 040 ## - CATALOGING SOURCE |
| Original cataloging agency |
YDX |
| Language of cataloging |
eng |
| Transcribing agency |
YDX |
| Description conventions |
rda |
| Modifying agency |
BDX |
| -- |
OCLCQ |
| -- |
ERASA |
| -- |
UKMGB |
| -- |
OCLCO |
| -- |
OCLCF |
| -- |
QGJ |
| -- |
QGQ |
| -- |
HVL |
| -- |
GUL |
| -- |
DLC |
| 042 ## - AUTHENTICATION CODE |
| Authentication code |
lccopycat |
| 050 00 - LIBRARY OF CONGRESS CALL NUMBER |
| Classification number |
KZ7139 |
| Item number |
.P47 2019 |
| 082 ## - DEWEY DECIMAL CLASSIFICATION NUMBER |
| Classification number |
341.77 SME |
| 084 ## - OTHER CLASSIFICATION NUMBER |
| Classification number |
341.77 SME |
| Number source |
bcl |
| 245 00 - TITLE STATEMENT |
| Title |
Perpetrators of international crimes : |
| Remainder of title |
theories, methods, and evidence / |
| Statement of responsibility, etc. |
edited by Alette Smeulers, Maartje Weerdesteijn, Barbora Holá. |
| 250 ## - EDITION STATEMENT |
| Edition statement |
First edition. |
| 264 #1 - PRODUCTION, PUBLICATION, DISTRIBUTION, MANUFACTURE, AND COPYRIGHT NOTICE |
| Place of production, publication, distribution, manufacture |
Oxford : |
| Name of producer, publisher, distributor, manufacturer |
Oxford University Press, |
| Date of production, publication, distribution, manufacture, or copyright notice |
2019. |
| 300 ## - PHYSICAL DESCRIPTION |
| Extent |
xxvi, 376 pages ; |
| Dimensions |
25 cm |
| 336 ## - CONTENT TYPE |
| Content type term |
text |
| Content type code |
txt |
| Source |
rdacontent |
| 337 ## - MEDIA TYPE |
| Media type term |
unmediated |
| Media type code |
n |
| Source |
rdamedia |
| 338 ## - CARRIER TYPE |
| Carrier type term |
volume |
| Carrier type code |
nc |
| Source |
rdacarrier |
| 504 ## - BIBLIOGRAPHY, ETC. NOTE |
| Bibliography, etc. note |
Includes bibliographical references (pages 323-366) and index. |
| 505 00 - FORMATTED CONTENTS NOTE |
| Miscellaneous information |
Introduction / |
| Statement of responsibility |
Alette Smeulers, Barbora Holá, and Maartje Weerdesteijn -- |
| Miscellaneous information |
Part I. Perpetrator studies. |
| -- |
1. |
| Title |
Historical overview of perpetrator studies / |
| Statement of responsibility |
Alette Smeulers -- |
| Miscellaneous information |
2 |
| Title |
Theories, methods, and evidence / |
| Statement of responsibility |
Alette Smeulers, Barbora Holá, and Maartje Weerdesteijn -- |
| Miscellaneous information |
Part II. Reflecting on methods and sources. |
| -- |
3. |
| Title |
Perpetrators, fieldwork, and ethical concerns / |
| Statement of responsibility |
Chandra Lekha Sriram -- |
| Miscellaneous information |
4. |
| Title |
Interviewing perpetrators against the backdrop of ethical concerns and reflexivity / |
| Statement of responsibility |
Mina Rauschenbach -- |
| Miscellaneous information |
5. |
| Title |
Studying 'perpetrators' through the lens of the criminal trial / |
| Statement of responsibility |
Thijs B. Bouwknegt and Adina-Loredana Nistor -- |
| Miscellaneous information |
Part III. Studying perpetration. |
| -- |
6. |
| Title |
Perpetration as a process: a historical-sociological model / |
| Statement of responsibility |
Uğur Ümit Üngör -- |
| Miscellaneous information |
7. |
| Title |
The margins of perpetration: role-shifting in genocide / |
| Statement of responsibility |
Kjell Anderson -- |
| Miscellaneous information |
8. |
| Title |
Beyond perpetrators: complex political actors surrounding the 1994 genocide in Rwanda / |
| Statement of responsibility |
Erin Jessee -- |
| Miscellaneous information |
Part IV. Studying perpetrators: case studies. |
| -- |
9. |
| Title |
Studying perpetrator ideologies in atrocity crimes / |
| Statement of responsibility |
Jonathan Leader Maynard -- |
| Miscellaneous information |
10. |
| Title |
Religion and international crimes: the case of the Islamic State / |
| Statement of responsibility |
Pieter Nanninga -- |
| Miscellaneous information |
11. |
| Title |
The female tigers of Sri Lanka: the legitimation of recruitment and fight / |
| Statement of responsibility |
Georg Frerks -- |
| Miscellaneous information |
12. |
| Title |
The rationality and reign of Paul Kegame / |
| Statement of responsibility |
Maartje Weerdesteijn -- |
| Miscellaneous information |
Part V. Studying perpetrators on trial: case studies. |
| -- |
13. |
| Title |
Nothing must remain: the (in)visibility of atrocity crimes and the perpetrators' strategies using the corpses of their victims / |
| Statement of responsibility |
Caroline Fournet -- |
| Miscellaneous information |
14. |
| Title |
Plausible deniability: the challenges in prosecuting paramilitary violence in the Former Yugoslavia / |
| Statement of responsibility |
Iva Vukušić -- |
| Miscellaneous information |
15. |
| Title |
Peroetrators on trial: characteristics of war crimes perpetrators tried by courts in Bosnia and Herzegovina and ICTY / |
| Statement of responsibility |
Mirza Buljubašić and Barbora Holá -- |
| Miscellaneous information |
16. |
| Title |
'Like mirrors of morality': social support for Nazi war criminals in post-war Germany / |
| Statement of responsibility |
Susanne Karstedt -- |
| Miscellaneous information |
Concluding thoughts / |
| Statement of responsibility |
Alette Smeulers. |
| 650 #0 - SUBJECT ADDED ENTRY--TOPICAL TERM |
| Topical term or geographic name entry element |
International crimes. |
| 650 #0 - SUBJECT ADDED ENTRY--TOPICAL TERM |
| Topical term or geographic name entry element |
International crimes |
| Form subdivision |
Case studies. |
| 650 #0 - SUBJECT ADDED ENTRY--TOPICAL TERM |
| Topical term or geographic name entry element |
Atrocities. |
| 650 #0 - SUBJECT ADDED ENTRY--TOPICAL TERM |
| Topical term or geographic name entry element |
Atrocities |
| Form subdivision |
Case studies. |
| 650 #7 - SUBJECT ADDED ENTRY--TOPICAL TERM |
| Topical term or geographic name entry element |
Atrocities. |
| Source of heading or term |
fast |
| Authority record control number or standard number |
(OCoLC)fst00820727 |
| 650 #7 - SUBJECT ADDED ENTRY--TOPICAL TERM |
| Topical term or geographic name entry element |
International crimes. |
| Source of heading or term |
fast |
| Authority record control number or standard number |
(OCoLC)fst01761758 |
| 655 #7 - INDEX TERM--GENRE/FORM |
| Genre/form data or focus term |
Case studies. |
| Source of term |
fast |
| Authority record control number or standard number |
(OCoLC)fst01423765 |
| 700 1# - ADDED ENTRY--PERSONAL NAME |
| Personal name |
Smeulers, Alette, |
| Dates associated with a name |
1967- |
| Relator term |
editor. |
| 700 1# - ADDED ENTRY--PERSONAL NAME |
| Personal name |
Weerdesteijn, Maartje, |
| Dates associated with a name |
1984- |
| Relator term |
editor. |
| 700 1# - ADDED ENTRY--PERSONAL NAME |
| Personal name |
Holá, Barbora, |
| Dates associated with a name |
1980- |
| Relator term |
editor. |
| 906 ## - LOCAL DATA ELEMENT F, LDF (RLIN) |
| a |
7 |
| b |
cbc |
| c |
copycat |
| d |
2 |
| e |
ncip |
| f |
20 |
| g |
y-gencatlg |
| 942 ## - ADDED ENTRY ELEMENTS (KOHA) |
| Source of classification or shelving scheme |
Dewey Decimal Classification |
| Koha item type |
BOOKs |